• 首页
  • 本馆介绍
  • 公告通知
  • 最新文献
  • 馆藏检索
  • 电子资源
  • 读者导购
  • 参考咨询
  • 我的图书馆
  • 登录
  • 详细信息显示
  • 放入我的书架
  • 预约/预借图书
  • 作者相关作品
  • 分类相关作品
  • 丛书相关作品
  • 出版社相关作品

书目信息

  • 表格格式
  • 工作单格式
  • 卡片格式
题名:
纪连海评点三国志
    
 
作者: 纪连海 著
分册: 上  
出版信息: 北京   现代出版社  2018
页数: 281页
开本: 23cm
丛书名: 纪连海评点系列
单 册:
中图分类: K236.042
科图分类:
主题词: 古代史--中国--三国时代--纪传体
电子资源:
ISBN: 978-7-5143-6618-1
000 01063oam2 2200277 45
001 012001000797
005 20180920145351.81
010    @a978-7-5143-6618-1@dCNY44.00
100    @a20180612d2018 em y0chiy50 ea
101 0  @achi
102    @aCN@b110000
105    @ay z 000yy
106    @ar
200 1  @a纪连海评点三国志@9Ji Lian Hai Ping Dian San Guo Zhi@h上@f纪连海著
205    @a修订版
210    @a北京@c现代出版社@d2018
215    @a281页@d23cm
225 1  @a纪连海评点系列
330    @a本书是《百家讲坛》著名主讲人纪连海对《三国志》的点评,体例由原文、白话释文,评点三部分组成。本书收入魏书23卷,评点曹操、汉献帝、曹丕、曹植、董卓、吕布、荀彧、嵇康、华佗等人,蜀书11卷,评点刘备、阿斗、诸葛亮、关羽、张飞、黄忠、庞统、姜维等人,吴书13卷,评点孙坚、孙权、周瑜、鲁肃、黄盖、陆逊等人。
461  0 @12001 @a纪连海评点系列
605    @a《三国志》@x研究
606 0  @a古代史@y中国@z三国时代@j纪传体
690    @aK236.042@v5
701  0 @a纪连海@9Ji Lian Hai@4著
801  0 @aCN@b上海新华@c20180901
905    @b1042265-69@dK236.042@e102:1=2@f5
    
    纪连海评点三国志.上/纪连海著.-修订版.-北京:现代出版社,2018
    281页;23cm.-(纪连海评点系列)
    
    
    ISBN 978-7-5143-6618-1:CNY44.00
    本书是《百家讲坛》著名主讲人纪连海对《三国志》的点评,体例由原文、白话释文,评点三部分组成。本书收入魏书23卷,评点曹操、汉献帝、曹丕、曹植、董卓、吕布、荀彧、嵇康、华佗等人,蜀书11卷,评点刘备、阿斗、诸葛亮、关羽、张飞、黄忠、庞统、姜维等人,吴书13卷,评点孙坚、孙权、周瑜、鲁肃、黄盖、陆逊等人。
●
相关链接 在E读中查询图书 在五车中查询图书 在当当中查询图书 在豆瓣中查询图书


正题名:纪连海评点三国志     索取号:K236.042/102:1=2         预约/预借

序号 登录号 条形码 馆藏地/架位号 状态 备注
1 1042265   210422657   第二样本阅览室/ [索取号:K236.042/102:1=2] 在馆    
2 1042266   210422666   密集书库-史法系/ [索取号:K236.042/102:1=2] 在馆    
3 1042267   210422675   第二借阅区/ [索取号:K236.042/102:1=2] 在馆    
4 1042268   210422684   第二借阅区/ [索取号:K236.042/102:1=2] 在馆    
5 1042269   210422693   第二借阅区/ [索取号:K236.042/102:1=2] 在馆    
唐山师范学院图书馆 欢迎您!
大连网信软件有限公司© 版权所有